000 00490nam a22001937a 4500
003 CEME
005 20210628203620.0
008 210121b xxu||||| |||| 00| 0 eng d
020 _a0-582-40385-5
040 _cceme
082 _a418.0071 HAR
100 _aHarmer, Jeremy
_9453
245 _aThe practice of english language teaching
250 _a3RD
260 _aNEW DELHI
_bLONGMAN
_c2006
300 _aXII,370 P
650 _aENGLISH LANGUAGE TEACHING
_966561
942 _cBK
_2ddc
999 _c574517
_d574517